Yüklüyor......

ഞാന്‍ നാദിയ മുറാദ് /

Detaylı Bibliyografya
Yazar: രാകേഷ്, പി. എസ്
Diğer Yazarlar: Rakesh, P.S
Materyal Türü: Printed Book
Dil:English
Baskı/Yayın Bilgisi: കോഴിക്കോട് : മാതൃഭൂമി ബുക്സ്, 2019.
Edisyon:3rd ed.
Konular:
LEADER 00817 a2200205 4500
008 200305b xxu||||| |||| 00| 0 eng d
999 |c 27181  |d 27181 
020 |a 9788182680777 
082 |a 956.704431  |b MUR/RAK 
100 |a രാകേഷ്, പി. എസ്. 
240 |a Njan nadiya Murad 
245 |a ഞാന്‍ നാദിയ മുറാദ് /  |c പി. എസ്. രാകേഷ് 
250 |a 3rd ed. 
260 |a കോഴിക്കോട് :  |b മാതൃഭൂമി ബുക്സ്,  |c 2019. 
300 |a 96p. 
600 |2 Ndiya Murad 
650 |a Biography 
700 |a Rakesh, P.S. 
942 |2 ddc  |c BK 
952 |0 0  |1 0  |2 ddc  |4 0  |6 956_704431000000000_MUR_RAK  |7 0  |9 37234  |a MAIN  |b MAIN  |d 2019-09-17  |e Mathrubhumi Books  |g 110.00  |l 1  |o 956.704431 MUR/RAK  |p 38189  |r 2020-03-06  |s 2020-03-05  |t 1  |w 2019-09-17  |y BK